Marketing
Bewaard in:
| Hoofdauteurs: | , , , |
|---|---|
| Formaat: | Boek |
| Taal: | Spaans |
| Gepubliceerd in: |
Cuernavaca
McGraw-Hill
2004
|
| Editie: | 7a. ed |
| Onderwerpen: | |
| Tags: |
Voeg label toe
Geen labels, Wees de eerste die dit record labelt!
|
MARC
| LEADER | 00000cam a2200000 a 4500 | ||
|---|---|---|---|
| 001 | UCD8858 | ||
| 003 | CL-VaPUC | ||
| 008 | 170527e20040000mx |||||||||||||||||spa|d | ||
| 020 | |a 9789701041089 | ||
| 082 | 0 | 4 | |a 658.8 |b KER |2 21 |
| 100 | |a Kerin, Roger A |e author |9 592411 | ||
| 700 | 0 | |a Berkowitz, Eric N |e author |9 592412 | |
| 700 | 0 | |a Hartley, Steven W |e author |9 592413 | |
| 700 | 0 | |a Rudelius, William |e author |9 592414 | |
| 245 | 1 | 0 | |a Marketing |
| 250 | |a 7a. ed | ||
| 300 | |a 857 p | ||
| 942 | |c BK | ||
| 945 | |d 20170527 00:32:00 |a dcastane | ||
| 260 | |a Cuernavaca |b McGraw-Hill |c 2004 | ||
| 650 | 0 | |a Marketing |9 259324 | |
| 650 | 0 | |a Administración de empresas |9 260833 | |
| 583 | |a last modification |c 20170527 00:32:00 |k Rodrigo Vera | ||
| 999 | |c 368166 |d 368164 | ||